[Event "Morava-ch U16"]
[Site "Loucna nad Desnou"]
[Date "2017.10.28"]
[Round "8"]
[White "Busos, Daniel"]
[Black "Mavrev, David"]
[Result "1/2-1/2"]
[WhiteElo "1446"]
[BlackElo "1834"]
[PlyCount "46"]
[EventDate "2017.10.24"]
[EventType "swiss"]
[EventRounds "9"]
[EventCountry "CZE"]
[SourceTitle "EXT 2020"]
[Source "ChessBase"]
[SourceDate "2019.10.17"]
[SourceVersion "1"]
[SourceVersionDate "2019.10.17"]
[SourceQuality "1"]

1. e4 e6 2. d4 d5 3. Nd2 Nf6 4. e5 Nfd7 5. c3 c5 6. Bd3 Nc6 7. Ne2 cxd4 8. cxd4 f6 9. f4 Qb6 10. Nf3 Be7 11. a3 a5 12. Qc2 f5 13. Be3 Nf8 14. 0-0 Ng6 15. g3 Bd7 16. Nc3 Rc8 17. Qe2 0-0 18. Rac1 Nh8 19. Rc2 Nf7 20. Rfc1 Qd8 21. Na4 g5 22. Nc5 gxf4 23. Bxf4 Re8 1/2-1/2

[Event "Morava-ch U16"]
[Site "Loucna nad Desnou"]
[Date "2017.10.25"]
[Round "3"]
[White "Mavrev, David"]
[Black "Kohut, Pavel"]
[Result "1-0"]
[WhiteElo "1834"]
[BlackElo "1394"]
[PlyCount "79"]
[EventDate "2017.10.24"]
[EventType "swiss"]
[EventRounds "9"]
[EventCountry "CZE"]
[SourceTitle "EXT 2020"]
[Source "ChessBase"]
[SourceDate "2019.10.17"]
[SourceVersion "1"]
[SourceVersionDate "2019.10.17"]
[SourceQuality "1"]

1. e4 c5 2. d4 cxd4 3. c3 d3 4. c4 Nc6 5. Bxd3 g6 6. Nf3 Bg7 7. Nc3 e6 8. 0-0 Nge7 9. Bf4 a6 10. Qe2 d6 11. Rfd1 e5 12. Be3 Bg4 13. Rac1 0-0 14. h3 Nd4 15. Bxd4 Bxf3 16. Qxf3 exd4 17. Nd5 Nxd5 18. cxd5 Qb6 19. Rc2 Rac8 20. Rdc1 Rxc2 21. Rxc2 Be5 22. Qg4 Qa5 23. f4 Bg7 24. a3 Rd8 25. Kf2 Qb6 26. Qf3 Bf6 27. g4 h6 28. Kg3 Kg7 29. Re2 Re8 30. h4 Qc7 31. g5 hxg5 32. hxg5 Bd8 33. Qf2 Qc5 34. Rc2 Qa7 35. Rc4 Bb6 36. f5 Bc5 37. f6+ Kg8 38. Qh2 Re5 39. Qh6 Rxg5+ 40. Kf3 1-0

[Event "CZE-chT U18 Extraliga Ost 1718"]
[Site "Czech Republic"]
[Date "2017.10.08"]
[Round "4.3"]
[White "Mavrev, David"]
[Black "Nemec, Jakub1111"]
[Result "0-1"]
[WhiteElo "1834"]
[BlackElo "1767"]
[PlyCount "44"]
[EventDate "2017.10.07"]
[EventType "team-tourn"]
[EventRounds "11"]
[EventCountry "CZE"]
[SourceTitle "EXT 2023"]
[Source "ChessBase"]
[SourceDate "2022.10.05"]
[SourceVersion "1"]
[SourceVersionDate "2022.10.05"]
[SourceQuality "1"]
[WhiteTeam "Frydek Mistek BSS (U18)"]
[BlackTeam "Kurim (U18)"]
[WhiteTeamCountry "CZE"]
[BlackTeamCountry "CZE"]

1. e4 d6 2. d4 Nf6 3. Nc3 Nbd7 4. f4 e5 5. Nf3 exd4 6. Nxd4 Be7 7. Nf5 0-0 8. Nxe7+ Qxe7 9. Bd3 Nc5 10. 0-0 Nfxe4 11. Re1 f5 12. Qf3 Qd7 13. Bc4+ Kh8 14. b4 Nxc3 15. bxc5 Ne4 16. cxd6 cxd6 17. Rxe4 fxe4 18. Qxe4 Qf5 19. Qf3 Qc5+ 20. Be3 Qxc4 21. Rd1 Qxc2 22. Rxd6 Bf5 0-1

[Event "CZE-chT U18 Extraliga Ost 1718"]
[Site "Czech Republic"]
[Date "2017.10.08"]
[Round "3.3"]
[White "Vorisek, Jakub"]
[Black "Mavrev, David"]
[Result "0-1"]
[WhiteElo "1904"]
[BlackElo "1834"]
[PlyCount "162"]
[EventDate "2017.10.07"]
[EventType "team-tourn"]
[EventRounds "11"]
[EventCountry "CZE"]
[SourceTitle "EXT 2023"]
[Source "ChessBase"]
[SourceDate "2022.10.05"]
[SourceVersion "1"]
[SourceVersionDate "2022.10.05"]
[SourceQuality "1"]
[WhiteTeam "Vlasim (U18)"]
[BlackTeam "Frydek Mistek BSS (U18)"]
[WhiteTeamCountry "CZE"]
[BlackTeamCountry "CZE"]

1. e4 e6 2. d4 d5 3. Nc3 Bb4 4. e5 c5 5. Bd2 a6 6. Qg4 Ne7 7. Nf3 cxd4 8. Nxd4 Bxc3 9. Bxc3 Ng6 10. f4 Nd7 11. Bb4 Qb6 12. c3 Nc5 13. Be2 Bd7 14. 0-0 h5 15. Bxc5 Qxc5 16. Qg5 Qe7 17. Qxe7+ Nxe7 18. Bd3 g6 19. a4 Nc6 20. a5 Ke7 21. Nb3 Rag8 22. h4 Rc8 23. Nd4 Rhd8 24. Kf2 Rc7 25. Rfc1 Rdc8 26. Nb3 Na7 27. Nd4 Nb5 28. Ke3 Nxd4 29. Kxd4 Bb5 30. b3 Bxd3 31. Kxd3 Rc5 32. c4 dxc4+ 33. Rxc4 Rd8+ 34. Kc3 Rcd5 35. Kb2 Rd2+ 36. Rc2 R8d4 37. Ra4 Rxa4 38. bxa4 Rd4 39. Rc7+ Kf8 40. Rxb7 Rxa4 41. g3 Rxa5 42. Rc7 Rb5+ 43. Ka3 Rd5 44. Rc3 Ke7 45. Ka4 Kd7 46. Kb4 a5+ 47. Ka4 Kd8 48. Kb3 Rd4 49. Ka3 a4 50. Kb2 Rd5 51. Ka3 Ra5 52. Kb4 Ra7 53. Ka3 Kd7 54. Rc4 Ra5 55. Rc3 Ra6 56. Rc4 Ra7 57. Rc3 Ke7 58. Rc4 f6 59. Rxa4 Rd7 60. Kb3 fxe5 61. fxe5 Rd5 62. g4 Rxe5 63. gxh5 gxh5 64. Kb2 Kf6 65. Kc2 Re3 66. Ra5 Re5 67. Ra4 Kf5 68. Kd3 Re1 69. Ra2 Rg1 70. Ke3 Rg3+ 71. Kf2 Rg4 72. Ra5+ e5 73. Ra8 Rxh4 74. Rf8+ Ke4 75. Ra8 Rf4+ 76. Kg3 Kd3 77. Ra3+ Kc2 78. Ra2+ Kb3 79. Re2 Rf5 80. Rd2 Kc3 81. Rd8 e4 0-1

[Event "Pobeskydy U15 op"]
[Site "Frydek Mistek"]
[Date "2017.04.17"]
[Round "8"]
[White "Rocco, Federico"]
[Black "Mavrev, David"]
[Result "1-0"]
[WhiteElo "1946"]
[BlackElo "1775"]
[PlyCount "43"]
[EventDate "2017.04.13"]
[EventType "swiss"]
[EventRounds "8"]
[EventCountry "CZE"]
[SourceTitle "EXT 2018"]
[Source "ChessBase"]
[SourceDate "2017.10.13"]
[SourceVersion "1"]
[SourceVersionDate "2017.10.13"]
[SourceQuality "1"]

1. Nf3 d5 2. g3 b6 3. Bg2 Bb7 4. 0-0 Nf6 5. d3 e6 6. Nbd2 Bd6 7. e4 dxe4 8. Ng5 Nbd7 9. Ngxe4 Rb8 10. Nxd6+ cxd6 11. Bxb7 Rxb7 12. Nc4 Qc7 13. Qf3 d5 14. Bf4 e5 15. Nxe5 0-0 16. Ng6 Qxc2 17. Nxf8 Nxf8 18. Be5 N6d7 19. Qxd5 Nc5 20. Rac1 Qa4 21. Rxc5 Rd7 22. Qc4 1-0

[Event "CZE-ch U14"]
[Site "Kouty nad Desnou"]
[Date "2017.03.17"]
[Round "8"]
[White "Mavrev, David"]
[Black "Demko, Robert"]
[Result "1-0"]
[WhiteElo "1713"]
[BlackElo "1805"]
[PlyCount "57"]
[EventDate "2017.03.11"]
[EventType "swiss"]
[EventRounds "9"]
[EventCountry "CZE"]
[SourceTitle "CBM 177 Extra"]
[Source "ChessBase"]
[SourceDate "2017.04.27"]
[SourceVersion "1"]
[SourceVersionDate "2017.04.27"]
[SourceQuality "1"]

1. e4 c5 2. d4 cxd4 3. c3 dxc3 4. Nxc3 Nc6 5. Nf3 g6 6. e5 Bg7 7. Bc4 Nh6 8. 0-0 0-0 9. Qe2 d6 10. Rd1 Bg4 11. exd6 exd6 12. Bf4 Nd4 13. Rxd4 Bxd4 14. Bxh6 Re8 15. Qd3 Bf6 16. Ne4 Be6 17. Bb5 Bxb2 18. Rb1 Bf5 19. Bxe8 Qxe8 20. Rxb2 Bxe4 21. Qd4 f6 22. Qxf6 Qd7 23. Re2 d5 24. Ne5 Qc7 25. Qe6+ Kh8 26. Nf7+ Kg8 27. Nd6+ Kh8 28. Bf4 Qc1+ 29. Bxc1 1-0

[Event "CZE-ch U14"]
[Site "Kouty nad Desnou"]
[Date "2017.03.14"]
[Round "5"]
[White "Mavrev, David"]
[Black "Vorisek, Jakub"]
[Result "1/2-1/2"]
[WhiteElo "1713"]
[BlackElo "1967"]
[PlyCount "59"]
[EventDate "2017.03.11"]
[EventType "swiss"]
[EventRounds "9"]
[EventCountry "CZE"]
[SourceTitle "CBM 177 Extra"]
[Source "ChessBase"]
[SourceDate "2017.04.27"]
[SourceVersion "1"]
[SourceVersionDate "2017.04.27"]
[SourceQuality "1"]

1. e4 d5 2. d4 dxe4 3. Nc3 Nf6 4. f3 exf3 5. Nxf3 e6 6. Bc4 Be7 7. 0-0 0-0 8. Qd3 c5 9. d5 exd5 10. Nxd5 Nxd5 11. Bxd5 Nc6 12. Qe4 Nb4 13. Bb3 Bf6 14. a3 Nc6 15. Be3 Qe7 16. Qxe7 Bxe7 17. Bd5 Be6 18. Bxc6 bxc6 19. Ne5 Bf6 20. Rxf6 gxf6 21. Nxc6 Kg7 22. Rf1 Rfc8 23. Na5 Rab8 24. b3 Rb5 25. Bd2 c4 26. b4 Rf5 27. Re1 c3 28. Be3 Re5 29. Kf2 Bf5 30. Re2 1/2-1/2

[Event "EU-ch U14 26th"]
[Site "Prague"]
[Date "2016.08.26"]
[Round "8"]
[White "Mavrev, David"]
[Black "Orfini, Nicolo"]
[Result "1-0"]
[WhiteElo "1854"]
[BlackElo "1996"]
[PlyCount "69"]
[EventDate "2016.08.18"]
[EventType "swiss"]
[EventRounds "9"]
[EventCountry "CZE"]
[SourceTitle "CBM 174 Extra"]
[Source "ChessBase"]
[SourceDate "2016.10.10"]
[SourceVersion "1"]
[SourceVersionDate "2016.10.10"]
[SourceQuality "1"]

1. e4 d6 2. d4 Nf6 3. Nc3 g6 4. h3 Bg7 5. Be3 Nbd7 6. f4 0-0 7. Nf3 c5 8. Bd3 a6 9. e5 Ne8 10. Qd2 Nc7 11. 0-0-0 cxd4 12. Bxd4 Ne6 13. Be4 Nxd4 14. Qxd4 Nc5 15. Bd5 Qa5 16. Nd2 e6 17. Nc4 Qc7 18. Bf3 dxe5 19. fxe5 Nd7 20. Rhe1 Rb8 21. Nd6 Rd8 22. a4 Bf8 23. Nce4 b5 24. axb5 axb5 25. Re3 Bh6 26. Kb1 Bxe3 27. Qxe3 Kg7 28. Qf4 Nb6 29. Ng5 Rxd6 30. exd6 Qd7 31. h4 Bb7 32. Qd4+ f6 33. Qxb6 fxg5 34. Bxb7 Rxb7 35. Qxb7 1-0

[Event "EU-ch U14 26th"]
[Site "Prague"]
[Date "2016.08.25"]
[Round "7"]
[White "Matus, Filip"]
[Black "Mavrev, David"]
[Result "0-1"]
[WhiteElo "1700"]
[BlackElo "1854"]
[PlyCount "90"]
[EventDate "2016.08.18"]
[EventType "swiss"]
[EventRounds "9"]
[EventCountry "CZE"]
[SourceTitle "CBM 174 Extra"]
[Source "ChessBase"]
[SourceDate "2016.10.10"]
[SourceVersion "1"]
[SourceVersionDate "2016.10.10"]
[SourceQuality "1"]

1. e4 e5 2. Nf3 Nc6 3. d4 exd4 4. Nxd4 Nf6 5. Nxc6 bxc6 6. e5 Nd5 7. c4 Nb6 8. Nc3 Be7 9. Bd3 0-0 10. 0-0 d5 11. exd6 cxd6 12. Qh5 g6 13. Qf3 Be6 14. Bh6 Re8 15. b3 Bf6 16. Rac1 Rc8 17. Ne4 Bg7 18. Bg5 Qc7 19. Nf6+ Bxf6 20. Qxf6 Nd7 21. Qc3 Ne5 22. Bb1 d5 23. Bf4 f6 24. Rfe1 Qf7 25. Bxe5 fxe5 26. cxd5 cxd5 27. Qxe5 Rxc1 28. Rxc1 Bf5 29. Qf4 Bxb1 30. Qxf7+ Kxf7 31. Rxb1 Re2 32. a4 Ke6 33. Kf1 Rc2 34. g3 d4 35. Kg2 Kd5 36. Kf3 Rc3+ 37. Ke2 Ke4 38. f3+ Rxf3 39. b4 d3+ 40. Kd2 Rf2+ 41. Kc3 Rc2+ 42. Kb3 Rxh2 43. Re1+ Re2 44. Rc1 d2 45. Rd1 Kd3 0-1

[Event "Kouty nad Desnou op-B"]
[Site "Kouty nad Desnou"]
[Date "2015.03.11"]
[Round "6"]
[White "Vit, Jakub"]
[Black "Mavrev, David"]
[Result "1-0"]
[WhiteElo "1617"]
[BlackElo "1416"]
[PlyCount "167"]
[EventDate "2015.03.07"]
[EventType "swiss"]
[EventRounds "9"]
[EventCountry "CZE"]
[SourceTitle "EXT 2017"]
[Source "ChessBase"]
[SourceDate "2016.10.25"]
[SourceVersion "1"]
[SourceVersionDate "2016.10.25"]
[SourceQuality "1"]

1. c4 e5 2. Nc3 Nf6 3. g3 d5 4. Bg2 c6 5. cxd5 Nxd5 6. Nxd5 cxd5 7. d3 Nc6 8. Nf3 Be7 9. 0-0 Be6 10. Bd2 0-0 11. a3 a5 12. Rc1 f6 13. Qb3 Qd7 14. Qb5 Ra6 15. Rc2 Rd8 16. e3 Bf5 17. Nh4 Be6 18. Rfc1 Qc7 19. b4 axb4 20. Bxb4 Bxb4 21. Qxb4 Qd7 22. Qb2 Rda8 23. Ra1 d4 24. Bxc6 Rxc6 25. Rxc6 bxc6 26. e4 Bg4 27. Rc1 g5 28. Ng2 Qa7 29. Qb3+ Kg7 30. Ra1 Rb8 31. Qa2 Qa6 32. Ne1 c5 33. a4 Be6 34. Qa3 Qa5 35. Qc1 Rb4 36. Qd2 Rb5 37. Qc1 Rb6 38. Nf3 Rb3 39. Qc2 Rc3 40. Qd2 h6 41. Kf1 Bb3 42. Ne1 c4 43. dxc4 Bxc4+ 44. Kg2 Qa8 45. f3 Re3 46. Qb4 Re2+ 47. Kg1 Qc8 48. g4 Qa6 49. Rc1 Bf7 50. a5 d3 51. Rd1 Qa7+ 52. Qb6 Qxb6+ 53. axb6 Rb2 54. Nxd3 Rxb6 55. Kg2 h5 56. h3 Ra6 57. gxh5 Bxh5 58. Kg3 Ra3 59. Ne1 Kg6 60. Rd3 Rxd3 61. Nxd3 Kf7 62. Nf2 Ke6 63. Ng4 f5 64. exf5+ Kxf5 65. Ne3+ Ke6 66. Nc4 Kd5 67. Nb6+ Kd4 68. Nd7 e4 69. fxe4 Kxe4 70. Nf6+ Kf5 71. Nxh5 Kg6 72. Kg4 Kh6 73. Nf6 Kg6 74. Ne4 Kh7 75. Kxg5 Kg7 76. Nd6 Kh7 77. Nf5 Kg8 78. Kh6 Kh8 79. Nh4 Kg8 80. Ng6 Kf7 81. Kh7 Kf6 82. h4 Kf7 83. h5 Kf6 84. Ne5 1-0